Le deuil national en France - Statistiques

Statistiques générales
  • Ce quiz a été pris 57 fois
  • Le résultat moyen est 8 sur 12
Statistiques - réponses
Hint Réponse % Correct
Attentats aux Etats-Unis Du 13 au 17 septembre 2001
91%
Attentats à Paris Du 15 au 17 novembre 2015
87%
Attentat de Nice Du 16 au 18 juillet 2016
87%
Mort de Lady Diana à Paris 2 septembre 1997
80%
Mort de Charles de Gaulle 12 novembre 1970
76%
Mort de Valéry Giscard d'Estaing 9 décembre 2020
76%
Mort de François Mitterrand 11 janvier 1996
72%
Mort de Georges Pompidou 6 avril 1974
63%
Mort de Jacques Chirac 30 septembre 2019
54%
Attentat contre Charlie Hebdo 8 janvier 2015
46%
Incendie dans les Landes - 82 morts 24 août 1949
35%
Inondation dans le midi - env. 700 morts 9 mars 1930
28%
Aucun quiz correspondant
Distribution des résultats
% des personnes avec chaque résultat
Percentile par nombre de réponses
Votre historique - résultats
Vous n’avez pas pris ce quiz